000
00251nam a2200097Ia 4500
008
230907s9999||||xx |||||||||||||| ||und||
082
_a
333.79,ENE
245
0
_a
Energy policy modeling in the 21st century /
300
_a
xiii, 273 pages :
942
_c
BK
999
_c
597527
_d
597527